| 000 | 01128cam a22003377a 4500 | ||
|---|---|---|---|
| 003 | CHAP | ||
| 005 | 20220329141501.0 | ||
| 008 | 971013s1986 r 00010 d | ||
| 010 | _a68872 | ||
| 011 | _a69844 | ||
| 035 | _a79322 | ||
| 040 | _cCHAP | ||
| 090 | _aTesis | ||
| 100 | 0 | 0 |
_aAcevedo González, Ernesto. _9500 |
| 245 | 1 | 0 | _aPrograma para el incremento de la lechería familiar en Chihuahua |
| 260 |
_aChihuahua, Chih. : _bEl autor, _c1986 |
||
| 300 | _a69 h. | ||
| 502 | _aTesis (Ing. Agrónomo Esp. en Zootecnia) -- UACH. Departamento de Zonas Aridas | ||
| 590 |
_aALEPH _b10 _c20130110 _lUCH01 _h1406 |
||
| 590 |
_aBATCH-UPD _b10 _c20130110 _lUCH01 _h0404 |
||
| 590 |
_aBATCH-UPD _b10 _c20130410 _lUCH01 _h0038 |
||
| 590 |
_aBATCH-UPD _b10 _c20130913 _lUCH01 _h1902 |
||
| 590 |
_aCONVERSION _b10 _c20130109 _lUCH01 _h1338 |
||
| 650 | 1 | 4 |
_aGanado lechero _zChihuahua. _945310 |
| 650 | 1 | 4 |
_aGranjas lecheras. _950407 |
| 901 | _aBK | ||
| 942 | _cFOLL | ||
| 949 |
_bBC _cTES _d-32209 _eTS1 _h21591 _i79322 _si |
||
| 949 |
_bBC _cTES _d-97073 _eTS2 _fc.2 _h22272 _i79322 _si |
||
| 949 |
_bBC _cTES _d-97074 _eTS2 _fc.3 _h22273 _i79322 _si |
||
| 999 |
_c68872 _d68872 |
||